000 00816nam a2200253 a 4500
001 BRCA_7863
005 20190320210029.0
008 191113s1968----mx-a######---#000-0#spa-#
041 _aspa
044 _amx
050 4 _aN6553
_b.M39 1968
100 1 _aMaza, Francisco de la
_918838
245 1 0 _aLa mitología clásica en el arte colonial de México
_cFrancisco de la Maza.
260 _aMéxico
_bUNAM, Instituto de Investigaciones Estéticas
_c1968
300 _a251 p.
_bil., 74 láminas
_c23 cm.
440 0 _aUNAM, Instituto de Investigaciones Estéticas
_pEstudios y fuentes del arte en México
_v24
_919457
500 _aY93
650 1 4 _aArte colonial
_97904
650 1 4 _aArte y mitología
_919458
650 1 4 _aArte
_zMéxico
_919459
650 1 4 _aMitología
_99838
902 _aGFM
942 _2lcc
_cB
999 _c7537
_d7537